Đại Việt địa dư toàn biên

Đã lưu trong:
书目详细资料
主要作者: Nguyễn Văn Siêu
企业作者: Tổ biên dịch Viện sử học
格式: 图书
语言:Vietnamese
出版: H. Văn hóa 1997
标签: 添加标签
没有标签, 成为第一个标记此记录!
Thư viện lưu trữ: Mạng thư viện Đại học Đà Nẵng
LEADER 00991nam a22003138a 4500
001 000015606
003 11989
005 20120530140511.0
008 120530s1997 b 000 0 vieod
020 |d 1000b 
041 0 |a vie 
080 |a 4(V)(03) 
082 |a 915.97  |b NG-S 
084 |a V172.1z21  |b T000ừ 
100 0 |a Nguyễn Văn Siêu 
110 |a Tổ biên dịch  |b Viện sử học 
245 1 0 |a Đại Việt địa dư toàn biên  |c Nguyễn Văn Siêu; 
260 |a H.  |b Văn hóa  |c 1997 
300 |a 576 tr.  |c 20 cm. 
OWN |a LSP 
AVA |a UDN50  |b LSP  |d 915.97 NG-S  |e available  |t Error 5001 Not defined in file expand_doc_bib_avail.  |f 1  |g 0  |h N  |i 0  |k 1 
999 |a From the UDN01 
AVA |a UDN50  |b LSP  |d 915.97 NG-S  |e available  |t Error 5001 Not defined in file expand_doc_bib_avail.  |f 1  |g 0  |h N  |i 0  |k 1 
TYP |a Monograph 
TYP |a Printed language 
980 |a Mạng thư viện Đại học Đà Nẵng